书目信息 |
| 题名: |
毕加索
|
|
| 作者: | 杨晓斌 编著 | |
| 分册: | ||
| 出版信息: | 大连 大连理工大学出版社 2014.01 |
|
| 页数: | 298页 | |
| 开本: | 24cm | |
| 丛书名: | 艺术大师之旅丛书 | |
| 单 册: | ||
| 中图分类: | J231(551) | |
| 科图分类: | ||
| 主题词: | 绘画--作品集--西班牙--现代 , 绘画 | |
| 电子资源: | ||
| ISBN: | 978-7-5611-8372-4 | |
| 000 | 00868oam2 2200289 450 | |
| 001 | 0120141239472 | |
| 005 | 20140609153449.26 | |
| 010 | @a978-7-5611-8372-4@dCNY118.00 | |
| 100 | @a20140225d2014 em y0chiy0110 ea | |
| 101 | 0 | @achi |
| 102 | @aCN@b210000 | |
| 105 | @aa z 000yy | |
| 106 | @ar | |
| 200 | 1 | @a毕加索@9bi jia suo@dPicasso@f杨晓斌编著@zeng |
| 210 | @a大连@c大连理工大学出版社@d2014.01 | |
| 215 | @a298页@c图,照片@d24cm | |
| 225 | 2 | @a艺术大师之旅丛书 |
| 330 | @a本书内容包括:无羁绊的青春期;在蒙马特的日子;立体主义的诞生;立体主义之后等。 | |
| 333 | @a绘画爱好者 | |
| 461 | 0 | @12001 @a艺术大师之旅丛书 |
| 510 | 1 | @aPicasso@zeng |
| 606 | 0 | @a绘画@x作品集@y西班牙@z现代 |
| 606 | 0 | @a绘画 |
| 690 | @aJ231(551)@v5 | |
| 701 | 0 | @a杨晓斌@9yang xiao bin@4编著 |
| 801 | 0 | @aCN@b人天书店@c20140225 |
| 905 | @b549953-55@dJ231(551)@e88@f3 | |
| 毕加索=Picasso/杨晓斌编著.-大连:大连理工大学出版社,2014.01 |
| 298页:图,照片;24cm.-(艺术大师之旅丛书) |
| 使用对象:绘画爱好者 |
| ISBN 978-7-5611-8372-4:CNY118.00 |
| 本书内容包括:无羁绊的青春期;在蒙马特的日子;立体主义的诞生;立体主义之后等。 |
| ● |
| 相关链接 |
|
|
|
|
正题名:毕加索
索取号:J231(551)/88
 
预约/预借
| 序号 | 登录号 | 条形码 | 馆藏地/架位号 | 状态 | 备注 |
| 1 | 549953 | 205499539 | 第一样本阅览室/ [索取号:J231(551)/88] | 在馆 | |
| 2 | 549954 | 205499548 | 第一借阅区/ [索取号:J231(551)/88] | 在馆 | |
| 3 | 549955 | 205499557 | 密集书库-美术系/ [索取号:J231(551)/88] | 在馆 |